000 00647nam a2200229 a 4500
005 20210219152911.0
008 991125n 000 0 eng u
035 _aUPN01000066266
100 _aSchremer, Oded E
222 _aJOURNAL OF CURRICULUM STUDIES
245 _aBreaking through the curriculum theoretical mode
300 _a327-340
362 _a1991 23, No. 4
505 _aAbril 1992
653 0 _aACERCAMIENTO INTERDISCIPLINARIO
653 0 _aDESARROLLO CURRICULAR
653 0 _aDESTREZAS DEL PENSAMIENTO
653 0 _aESTILO COGNOSCITIVO
653 0 _aPENSAMIENTO CREATIVO
904 _aAC
_b004077
905 _aArticulo
999 _c63407
_d63407